00289nam a2200121Ia 4500008004100000100002700041245001700068260003600085300000700121650001500128942000700143999001700150190216s9999||||xx |||||||||||||| ||und|| aThunjathu Ezhuthachan 0aSthreeparvam bCalicut University Publications a72 aKavithakal cBK c27148d27148